| 000 | 00460nam a22001937a 4500 | ||
|---|---|---|---|
| 003 | LK-CoDNM | ||
| 005 | 20250116120627.0 | ||
| 008 | 250110b |||||||| |||| 00| 0 eng d | ||
| 040 |
_aLK-CoDNM _dLK-CoDNM _eLK-CoDNM |
||
| 041 | _aeng | ||
| 080 |
_a10 _bE4 |
||
| 100 | _aFRERNANDO,JLM | ||
| 245 | _aTHE TRUTH OF CONTRACT BRIDGE | ||
| 260 |
_aCOLOMBO _c1935 |
||
| 300 | _a60p. : 25 cm | ||
| 650 | _aScience | ||
| 700 | _aTHOMSON,ARTHUR J | ||
| 942 | _cBK | ||
| 999 |
_c236502 _d236502 |
||